山田勝己の愛称 - Statistics

General Stats
  • This quiz has been taken 53 times
  • The average score is 2 of 8
Answer Stats
Answer % Correct
ミスターSASUKE
94%
浪速のターミネーター
53%
人生SASUKE
21%
職業SASUKE
19%
浪速のブラックタイガー
15%
漆黒の通天閣
2%
完全制覇に最も近い男
2%
無冠の帝王
0%
No matching quizzes found
Score Distribution
Percent of People with Each Score
Percentile by Number Answered
Your Score History
You have not taken this quiz